000
00249nam a2200097Ia 4500
001
1000333
005
20250826230349.0
008
250824s9999 xx 000 0 und d
245
0
_a
BU HAVALARDA BANA DÖNME
_c
SELCAN AYDIN
260
_b
DESTEK YAYINLARI
999
_c
1000333
_d
1000333